| 000 | 00611nam a2200217Ia 4500 | ||
|---|---|---|---|
| 003 | OSt | ||
| 005 | 20220923225559.0 | ||
| 006 | a|||||r|||| 00| 0 | ||
| 007 | ta | ||
| 008 | 220922b |||||||| |||| 00| 0 fre d | ||
| 024 | _a271,878 | ||
| 037 | _cTextual | ||
| 040 |
_aARTS _cARTS _bfre |
||
| 041 |
_2fre _afre |
||
| 082 | _aO113,3xN3, 153K9 | ||
| 245 | 0 | _aਜੰਗ ਤੋ੍ਵ ਪਿੱਛੋ੍ਵ ਤੇ ਹੋਰ ਜਰਮਨ ਕਹਾਣੀਆਂ | |
| 260 | _c1969 | ||
| 650 | _aਜਰਮਨ ਸਾਹਿਤ | ||
| 942 |
_hO113,3xN3, 153K9 _cTEXL _2CC |
||
| 999 |
_c379262 _d379262 |
||